Normal view
MARC view
- أطفال ما قبل المدرسة-تعليم. رياض الأطفال-طرق التدريس. التاريخ-طرق التدريس-رياض الأطفال. الجغرافيا-طرق التدريس-رياض الأطفال
Entry Topical Term
001 - CONTROL NUMBER
- control field: 27934
003 - CONTROL NUMBER IDENTIFIER
- control field: JO-AjAnu
005 - DATE AND TIME OF LATEST TRANSACTION
- control field: 20230606074735.0
008 - FIXED-LENGTH DATA ELEMENTS
- fixed length control field: 230606|| aca||aabn | a|a d
040 ## - CATALOGING SOURCE
- Original cataloging agency: JO-AjAnu
- Transcribing agency: JO-AjAnu
150 ## - HEADING--TOPICAL TERM
- Topical term or geographic name entry element: أطفال ما قبل المدرسة-تعليم. رياض الأطفال-طرق التدريس. التاريخ-طرق التدريس-رياض الأطفال. الجغرافيا-طرق التدريس-رياض الأطفال
670 ## - SOURCE DATA FOUND
- Source citation: Work cat.: (JO-AjAnu)14341: باوزير،سلوى أبو بكر مؤلف/قربان،نادية عبد العزيز م.مشارك, author 27933, تنمية المفاهيم التاريخية والجغرافية لطفل الروضة=Development Of Concepts Of historical & Geographical Kindergarten Children